00371nam a2200145Ia 4500008004100000020001500041041001200056100001900068245005500087250000800142260003800150300000800188650001500196700001400211221030s9999 xx 000 0 und d a8131501177 aEnglish aM. R. Czinkota 0aMarketing Managementcby M. R. Czinkota, M. Kotabe a2nd bCengage LearningaNew Delhic2011 a597 aManagement aM. Kotabe